Využívání tezaurů v informační praxi

Salvato in:
Dettagli Bibliografici
Natura: Libro
Lingua:ceco
Pubblicazione: Praha : UVTEI, 1979
Soggetti:
Tags: Aggiungi Tag
Nessun Tag, puoi essere il primo ad aggiungerne!!

MARC

LEADER 00000nam a22000003a 4500
001 stu44281
005 20150408180424.8
008 950220s1979----cs------------------cze-d
040 |a STU  |b slo 
041 0 |a cze 
044 |a cs 
080 |a 801.322.3 
245 |a Využívání tezaurů v informační praxi 
260 |a Praha :  |b UVTEI,  |c 1979 
300 |a 132 s 
650 7 |a tezaury  |2 stusub 
650 7 |a prax informačná  |2 stusub 
996 |b 284M034885  |c M*2487-1  |l MMKN  |s A  |a 24  |w stu44281_0001